Mathematical methods in chemical engineering (Record no. 25039)

000 -LEADER
fixed length control field 00548nam a22002051 4500
001 - CONTROL NUMBER
control field 25039
003 - CONTROL NUMBER IDENTIFIER
control field BD-DhUET
008 - FIXED-LENGTH DATA ELEMENTS--GENERAL INFORMATION
fixed length control field 730313s1963 xx 000 0 eng
040 ## - CATALOGING SOURCE
Original cataloging agency DLC
Transcribing agency OClU
Modifying agency BD-DhUET
082 ## - DEWEY DECIMAL CLASSIFICATION NUMBER
Classification number 660.28
Item number JEN/1963
100 ## - MAIN ENTRY--PERSONAL NAME
Personal name Jenson, V. G.
245 10 - TITLE STATEMENT
Title Mathematical methods in chemical engineering
250 ## - EDITION STATEMENT
Edition statement 1st ed.
260 ## - PUBLICATION, DISTRIBUTION, ETC. (IMPRINT)
Place of publication, distribution, etc. London
Name of publisher, distributor, etc. Academic Press
Date of publication, distribution, etc. 1963
300 ## - PHYSICAL DESCRIPTION
Extent xi, 556 p.
Other physical details illus.
Dimensions 24cm.
504 ## - BIBLIOGRAPHY, ETC. NOTE
Bibliography, etc Includes bibliographies
650 #0 - SUBJECT ADDED ENTRY--TOPICAL TERM
Topical term or geographic name as entry element Chemical engineering
700 ## - ADDED ENTRY--PERSONAL NAME
Personal name Jeffreys, G. V.
942 ## - ADDED ENTRY ELEMENTS (KOHA)
Koha item type General Book
Holdings
Source of classification or shelving scheme Koha full call number Koha normalized classification for sorting Koha item type Shelving location Date acquired Piece designation (barcode) Not for loan Damaged status Price effective from Withdrawn status Location (home branch) Sublocation or collection (holding branch) Lost status Koha date last seen Copy number
 660.28/JEN/1963660_280000000000000_JEN_1963General BookCirculation section2015-05-1222438  2015-05-12 Central Library, BUETCentral Library, BUET 2015-05-121
 660.28/JEN/1963660_280000000000000_JEN_1963General BookCirculation section2015-05-1222440  2015-05-12 Central Library, BUETCentral Library, BUET 2015-05-122
 660.28/JEN/1963660_280000000000000_JEN_1963General BookCirculation section2015-05-1222434  2015-05-12 Central Library, BUETCentral Library, BUET 2015-05-123
 660.28/JEN/1963660_280000000000000_JEN_1963General BookCirculation section2015-05-1822432  2015-05-18 Central Library, BUETCentral Library, BUET 2015-05-184
 660.28/JEN/1963660_280000000000000_JEN_1963General BookCirculation section2015-05-1822435  2015-05-18 Central Library, BUETCentral Library, BUET 2015-05-185
 660.28/JEN/1963660_280000000000000_JEN_1963General BookCirculation section2015-05-1829450  2015-05-18 Central Library, BUETCentral Library, BUET 2015-05-186
 660.28/JEN/1963660_280000000000000_JEN_1963General BookCirculation section2015-05-1829449  2015-05-18 Central Library, BUETCentral Library, BUET 2015-05-187
 660.28/JEN/1963660_280000000000000_JEN_1963General BookCirculation section2015-05-1829448  2015-05-18 Central Library, BUETCentral Library, BUET 2015-05-188
 660.28/JEN/1963660_280000000000000_JEN_1963General BookCirculation section2015-05-1829457  2015-05-18 Central Library, BUETCentral Library, BUET 2015-05-189
 660.28/JEN/1963660_280000000000000_JEN_1963General BookCirculation section2015-05-1829454  2015-05-18 Central Library, BUETCentral Library, BUET 2015-05-1810
 660.28/JEN/1963660_280000000000000_JEN_1963General BookCirculation section2015-05-1829453  2015-05-18 Central Library, BUETCentral Library, BUET 2015-05-1811
 660.28/JEN/1963660_280000000000000_JEN_1963General BookCirculation section2015-05-1829451  2015-05-18 Central Library, BUETCentral Library, BUET 2015-05-1812
 660.28/JEN/1963660_280000000000000_JEN_1963General BookCirculation section2015-05-1822431  2015-05-18 Central Library, BUETCentral Library, BUET 2015-05-1813
 660.28/JEN/1963660_280000000000000_JEN_1963General BookCirculation section2015-05-1829452  2015-05-18 Central Library, BUETCentral Library, BUET 2015-05-1814
 660.28/JEN/1963660_280000000000000_JEN_1963General BookCirculation section2015-05-1822436  2015-05-18 Central Library, BUETCentral Library, BUET 2015-05-1815
 660.28/JEN/1963660_280000000000000_JEN_1963Reading ItemReading section2015-06-1729456  2015-06-17 Central Library, BUETCentral Library, BUET 2015-06-1716
 660.28/JEN/1963660_280000000000000_JEN_1963Reading ItemReading section2015-06-1829455.  2015-06-18 Central Library, BUETCentral Library, BUET 2015-06-1817
 660.28/JEN/1963660_280000000000000_JEN_1963Reading ItemReading section2015-07-1022439  2015-07-10 Central Library, BUETCentral Library, BUET 2015-07-1018